<?xml version="1.0" encoding="UTF-8"?>
<record
    xmlns:xsi="http://www.w3.org/2001/XMLSchema-instance"
    xsi:schemaLocation="http://www.loc.gov/MARC21/slim http://www.loc.gov/standards/marcxml/schema/MARC21slim.xsd"
    xmlns="http://www.loc.gov/MARC21/slim">

  <leader>00573nam a22002057a 4500</leader>
  <controlfield tag="003">OSt</controlfield>
  <controlfield tag="008">230420b2022    |||||||| |||| 00| 0 eng d</controlfield>
  <datafield tag="020" ind1=" " ind2=" ">
    <subfield code="a">9789357460507</subfield>
  </datafield>
  <datafield tag="082" ind1=" " ind2=" ">
    <subfield code="a">658.403</subfield>
    <subfield code="b">BAK-D</subfield>
  </datafield>
  <datafield tag="100" ind1=" " ind2=" ">
    <subfield code="a">Baker, Pam</subfield>
  </datafield>
  <datafield tag="245" ind1=" " ind2=" ">
    <subfield code="a">Decision intelligence for dummies /</subfield>
    <subfield code="c">Pam Baker</subfield>
  </datafield>
  <datafield tag="260" ind1=" " ind2=" ">
    <subfield code="a">New Delhi :</subfield>
    <subfield code="b">Wiley,</subfield>
    <subfield code="c">2022.</subfield>
  </datafield>
  <datafield tag="300" ind1=" " ind2=" ">
    <subfield code="a">x, 306p. ;</subfield>
  </datafield>
  <datafield tag="650" ind1=" " ind2=" ">
    <subfield code="a">Decision making</subfield>
  </datafield>
  <datafield tag="650" ind1=" " ind2=" ">
    <subfield code="a">Problem solving</subfield>
  </datafield>
  <datafield tag="650" ind1=" " ind2=" ">
    <subfield code="a">Artificial intelligence</subfield>
  </datafield>
  <datafield tag="650" ind1=" " ind2=" ">
    <subfield code="a">Artificial intelligence-Data processing	</subfield>
  </datafield>
  <datafield tag="650" ind1=" " ind2=" ">
    <subfield code="a">Electronic data processing</subfield>
  </datafield>
  <datafield tag="942" ind1=" " ind2=" ">
    <subfield code="2">ddc</subfield>
    <subfield code="c">BK</subfield>
  </datafield>
  <datafield tag="999" ind1=" " ind2=" ">
    <subfield code="c">19449</subfield>
    <subfield code="d">19449</subfield>
  </datafield>
  <datafield tag="952" ind1=" " ind2=" ">
    <subfield code="0">0</subfield>
    <subfield code="1">0</subfield>
    <subfield code="2">ddc</subfield>
    <subfield code="4">0</subfield>
    <subfield code="7">0</subfield>
    <subfield code="a">SOBD</subfield>
    <subfield code="b">SOBD</subfield>
    <subfield code="d">2023-04-20</subfield>
    <subfield code="e">Vedi Books</subfield>
    <subfield code="f">INR</subfield>
    <subfield code="g">899.00</subfield>
    <subfield code="o">658.403 BAK-D1</subfield>
    <subfield code="p">002529</subfield>
    <subfield code="r">2023-04-20</subfield>
    <subfield code="t">1</subfield>
    <subfield code="w">2023-04-15</subfield>
    <subfield code="y">REF</subfield>
    <subfield code="k">VEDI/23-24/04/09</subfield>
  </datafield>
  <datafield tag="952" ind1=" " ind2=" ">
    <subfield code="0">0</subfield>
    <subfield code="1">0</subfield>
    <subfield code="2">ddc</subfield>
    <subfield code="4">0</subfield>
    <subfield code="7">0</subfield>
    <subfield code="a">SOBD</subfield>
    <subfield code="b">SOBD</subfield>
    <subfield code="d">2023-04-20</subfield>
    <subfield code="e">Vedi Books</subfield>
    <subfield code="f">INR</subfield>
    <subfield code="g">899.00</subfield>
    <subfield code="o">658.403 BAK-D2</subfield>
    <subfield code="p">002530</subfield>
    <subfield code="r">2023-04-20</subfield>
    <subfield code="t">2</subfield>
    <subfield code="w">2023-04-15</subfield>
    <subfield code="y">BK</subfield>
    <subfield code="k">VEDI/23-24/04/09</subfield>
  </datafield>
  <datafield tag="952" ind1=" " ind2=" ">
    <subfield code="0">0</subfield>
    <subfield code="1">0</subfield>
    <subfield code="2">ddc</subfield>
    <subfield code="4">0</subfield>
    <subfield code="7">0</subfield>
    <subfield code="a">SOBD</subfield>
    <subfield code="b">SOBD</subfield>
    <subfield code="d">2023-04-20</subfield>
    <subfield code="e">Vedi Books</subfield>
    <subfield code="f">INR</subfield>
    <subfield code="g">899.00</subfield>
    <subfield code="o">658.403 BAK-D3</subfield>
    <subfield code="p">002531</subfield>
    <subfield code="r">2023-04-20</subfield>
    <subfield code="t">3</subfield>
    <subfield code="w">2023-04-15</subfield>
    <subfield code="y">BK</subfield>
    <subfield code="k">VEDI/23-24/04/09</subfield>
  </datafield>
  <datafield tag="952" ind1=" " ind2=" ">
    <subfield code="0">0</subfield>
    <subfield code="1">0</subfield>
    <subfield code="2">ddc</subfield>
    <subfield code="4">0</subfield>
    <subfield code="7">0</subfield>
    <subfield code="a">SOBD</subfield>
    <subfield code="b">SOBD</subfield>
    <subfield code="d">2023-04-20</subfield>
    <subfield code="e">Vedi Books</subfield>
    <subfield code="f">INR</subfield>
    <subfield code="g">899.00</subfield>
    <subfield code="o">658.403 BAK-D4</subfield>
    <subfield code="p">002532</subfield>
    <subfield code="r">2023-04-20</subfield>
    <subfield code="t">4</subfield>
    <subfield code="w">2023-04-15</subfield>
    <subfield code="y">BK</subfield>
    <subfield code="k">VEDI/23-24/04/09</subfield>
  </datafield>
  <datafield tag="952" ind1=" " ind2=" ">
    <subfield code="0">0</subfield>
    <subfield code="1">0</subfield>
    <subfield code="2">ddc</subfield>
    <subfield code="4">0</subfield>
    <subfield code="7">0</subfield>
    <subfield code="a">SOBD</subfield>
    <subfield code="b">SOBD</subfield>
    <subfield code="d">2023-04-20</subfield>
    <subfield code="e">Vedi Books</subfield>
    <subfield code="f">INR</subfield>
    <subfield code="g">899.00</subfield>
    <subfield code="o">658.403 BAK-D5</subfield>
    <subfield code="p">002533</subfield>
    <subfield code="r">2023-04-20</subfield>
    <subfield code="t">5</subfield>
    <subfield code="w">2023-04-15</subfield>
    <subfield code="y">BK</subfield>
    <subfield code="k">VEDI/23-24/04/09</subfield>
  </datafield>
  <datafield tag="952" ind1=" " ind2=" ">
    <subfield code="0">0</subfield>
    <subfield code="1">0</subfield>
    <subfield code="2">ddc</subfield>
    <subfield code="4">0</subfield>
    <subfield code="7">0</subfield>
    <subfield code="a">SOBD</subfield>
    <subfield code="b">SOBD</subfield>
    <subfield code="d">2023-04-20</subfield>
    <subfield code="e">Vedi Books</subfield>
    <subfield code="f">INR</subfield>
    <subfield code="g">899.00</subfield>
    <subfield code="o">658.403 BAK-D6</subfield>
    <subfield code="p">002534</subfield>
    <subfield code="r">2023-04-20</subfield>
    <subfield code="t">6</subfield>
    <subfield code="w">2023-04-15</subfield>
    <subfield code="y">BK</subfield>
    <subfield code="k">VEDI/23-24/04/09</subfield>
  </datafield>
</record>
